| 000 | 00634nam a22002177a 4500 | ||
|---|---|---|---|
| 003 | URS | ||
| 005 | 20250828100515.0 | ||
| 008 | 250326b ||||| |||| 00| 0 eng d | ||
| 040 | _cURS | ||
| 050 |
_aHD9710.I84 _b.C547 2012 |
||
| 100 |
_911701 _aClark, Jeniffer |
||
| 245 |
_aMondo Agnelli _bFiat, Chrysler, and the Power of a Dynasty |
||
| 264 |
_aHoboken, New Jersey _bJohn Wiley & Sons _c©2012 |
||
| 336 |
_2rdacontent _atext |
||
| 337 |
_2rdamedia _aunmediated |
||
| 338 |
_2rdacarrier _avolume |
||
| 650 | 0 |
_911702 _aFiat (Firm) _xHistory |
|
| 650 | 0 |
_911703 _aAgnelli Family |
|
| 650 | 0 |
_911704 _aFiat (Firm) |
|
| 942 |
_2lcc _cCR |
||
| 999 |
_c85064 _d85062 |
||